000 00794nam a2200217 i 4500
001 bg
245 1 0 _aPomorze w systemie obrony Polski w okresie międzywojennym i po II wojnie światowej /
_cred. nauk. Tadeusz Kmiecik ; Pomorska Akademia Pedagogiczna w Słupsku.
260 _aSłupsk :
_bWydawnictwo Pomorskiej Akademii Pedagogicznej,
_c2004.
300 _a255 s. :
_bfot. ;
_c24 cm.
650 9 _aSystem obronny państwa
_zPolska
_y1918-1939 r.
650 9 _aSystem obronny państwa
_zPolska
_yod 1945 r.
700 1 _aKMIECIK, Tadeusz
_d(1935- )
710 0 _aPomorska Akademia Pedagogiczna (Słupsk)
020 _a8388731491
040 _cBPK
041 0 _apol
080 _a355(438)"1918/..."
920 _a83-88731-49-1
942 _cKS
008 s pl f |000 0 pol
999 _c51885
_d51885
856 _uhttp://koha.tu.koszalin.pl/cgi-bin/koha/opac-detail.pl?biblionumber=51885
_yKatalog online BPK